Statistics for Cities by their Countries' Smaller Cities #3

Click here to take the quiz!

General Stats

  • This quiz has been taken 266 times
  • The average score is 21 of 30

Answer Stats

4th citycity% Correct
Bern 1stZürich
96%
Wrocław 1stWarsaw
94%
Tianjin 3rdBeijing
93%
Turin 1stMilan
93%
Turin 3rdRome
92%
Tianjin 2ndShanghai
92%
Suez 1stCairo
91%
Bern 2ndGeneva
91%
Suez 2ndAlexandria
89%
Turin 2ndNaples
86%
Utrecht 1stAmsterdam
85%
Tianjin 1stGuangzhou
83%
Utrecht 2ndRotterdam
83%
Wrocław 2ndKraków
82%
Tainan 1stTaipei
75%
Taejon 1stSeoul
73%
Utrecht 3rdThe Hague
73%
Stavanger 1stOslo
71%
Shiraz 1stTehran
71%
Bern 3rdBasel
62%
Stavanger 2ndBergen
62%
Taejon 2ndBusan
62%
Wrocław 3rdŁódź
54%
Stavanger 3rdTrondheim
43%
Shiraz 3rdIsfahan
41%
Shiraz 2ndMashhad
40%
Taejon 3rdDaegu
39%
Tainan 2ndKaohsiung
30%
Suez 3rdPort Said
24%
Tainan 3rdTaichung
19%

Score Distribution

Percentile by Number Answered

Percent of People with Each Score

Your Score History

You have not taken this quiz